000 00876nam a2200253Ia 4500
999 _c64754
_d64754
003 GCL
005 20240530110748.0
008 140319s9999 xx 000 0 ara d
040 _aGCL /
_cGCL
082 0 4 _a621.38 \
_bف ت
100 0 _aفاروق سيد حسين
245 1 0 _aالتلفزيون الملون :
_bهندسة صيانة واصلاح الاعطال /
_cفاروق سيد حسين ، فاروق محمد العامرى
260 _aبيروت :
_bدار الراتب الجامعية ،
_c1987
300 _a474 ص ؛
_c24سم
490 _aموسوعة عالم الالكترونيات
_v7
650 0 4 _aالصيانة
650 0 4 _aتصليح
650 0 4 _aالهندسة
650 0 4 _aتصميم
650 0 4 _aالتليفزيون الملون
650 0 4 _aالتليفزيون
700 1 _aفاروق سيد حسين
942 _2ddc
_cBK